A chronological catalogue of the engravings, dry-points and etchings of Albert Dürer (Record no. 4739)

MARC details
000 -CABECERA
campo de control de longitud fija 00922nam a2200265 a 4500
001 - NÚMERO DE CONTROL
campo de control BRCA_5045
005 - FECHA Y HORA DE LA ÚLTIMA TRANSACCIÓN
campo de control 20190320204922.0
008 - DATOS DE LONGITUD FIJA--INFORMACIÓN GENERAL
campo de control de longitud fija 051110r1897----nyua######---#000-0#eng-#
041 ## - CÓDIGO DE LENGUA
Código de lengua del texto/banda sonora o título independiente eng
044 ## - CÓDIGO DEL PAÍS DE LA ENTIDAD EDITORA/PRODUCTORA
Código MARC del país nyu
050 #4 - SIGNATURA TOPOGRÁFICA DE LA BIBLIOTECA DEL CONGRESO
Número de clasificación NE654.D8
Número de documento/Ítem .C37 1897
245 10 - MENCIÓN DE TÍTULO
Título A chronological catalogue of the engravings, dry-points and etchings of Albert Dürer
Resto del título as exhibited at the Grolier Club
Mención de responsabilidad, etc. compiled by S. R. Koehler.
260 ## - PUBLICACIÓN, DISTRIBUCIÓN, ETC.
Lugar de publicación, distribución, etc. Nueva York
Nombre del editor, distribuidor, etc. The Grolier Club of New York
Fecha de publicación, distribución, etc. 1897
300 ## - DESCRIPCIÓN FÍSICA
Extensión lxi, 103 p.
Otras características físicas il.
Dimensiones 32 cm.
500 ## - NOTA GENERAL
Nota general Incluye lista de ilustraciones e ilustraciones biográficas
500 ## - NOTA GENERAL
Nota general D130
504 ## - NOTA DE BIBLIOGRAFÍA, ETC.
Nota de bibliografía, etc. Bibliografía: p. 99-103
600 14 - PUNTO DE ACCESO ADICIONAL DE MATERIA--NOMBRE DE PERSONA
Nombre de persona Durero, Alberto
Fechas asociadas al nombre 1471-1528
9 (RLIN) 10301
650 14 - PUNTO DE ACCESO ADICIONAL DE MATERIA--TÉRMINO DE MATERIA
Término de materia o nombre geográfico como elemento de entrada Grabadores alemanes
9 (RLIN) 7216
650 14 - PUNTO DE ACCESO ADICIONAL DE MATERIA--TÉRMINO DE MATERIA
Término de materia o nombre geográfico como elemento de entrada Galerías y museos
Subdivisión geográfica Estados Unidos
9 (RLIN) 7437
650 14 - PUNTO DE ACCESO ADICIONAL DE MATERIA--TÉRMINO DE MATERIA
Término de materia o nombre geográfico como elemento de entrada Grabados alemanes
9 (RLIN) 12882
700 1# - PUNTO DE ACCESO ADICIONAL--NOMBRE DE PERSONA
Nombre de persona Koehler, S. R.
Término indicativo de función/relación compilador
9 (RLIN) 12883
902 ## - CATALOGADOR
Iniciales GFM
942 ## - ELEMENTOS DE PUNTO DE ACCESO ADICIONAL (KOHA)
Fuente del sistema de clasificación o colocación Library of Congress Classification
Tipo de ítem Koha Libros
Holdings
Estado de retiro Estado de pérdida Estado dañado No para préstamo Localización permanente Ubicación/localización actual Fecha de adquisición Número de inventario Total de préstamos Signatura topográfica completa Código de barras Fecha visto por última vez Precio válido a partir de Tipo de ítem Koha
El ejemplar forma parte de la colección y puede ser consultado según las políticas vigentes.       Biblioteca del Museo Franz Mayer (Rogerio Casas-Alatriste) Biblioteca del Museo Franz Mayer (Rogerio Casas-Alatriste) 05/11/2010 D130   NE654.D8 .C37 1897 (D130) 5156 22/03/2019 22/03/2019 Libros